书目信息 |
| 题名: |
汉书·后汉书
|
|
| 作者: | 班固 , 范晔 著 ;马健 编 | |
| 分册: | ||
| 出版信息: | 北京 中国华侨出版社 2016 |
|
| 页数: | 354页 | |
| 开本: | 29cm | |
| 丛书名: | 国学典藏大系 | |
| 单 册: | ||
| 中图分类: | K234.104.2 , K234.204.2 | |
| 科图分类: | ||
| 主题词: | 西汉时代--xi han shi dai--历史--纪传体 , 东汉时代--dong han shi dai--历史--纪传体 | |
| 电子资源: | ||
| ISBN: | 978-7-5113-6174-5 | |
| 000 | 01174nam0 22003251 450 | |
| 001 | 0124140142 | |
| 005 | 20170324140142.0 | |
| 010 | @a978-7-5113-6174-5@dCNY59.80 | |
| 100 | @a20161116d2016 em y0chiy50 ea | |
| 101 | 0 | @achi |
| 102 | @aCN@b110000 | |
| 105 | @ay z 000yy | |
| 106 | @ar | |
| 200 | 1 | @a汉书·后汉书@9han shu hou han shu@f(汉)班固,(南朝宋)范晔著@g马健编 |
| 210 | @a北京@c中国华侨出版社@d2016 | |
| 215 | @a354页@d29cm | |
| 225 | 2 | @a国学典藏大系@9guo xue dian cang da xi |
| 330 | @a本书整理选编了《汉书》和《后汉书》中最具有代表性的篇章,对其原文做了详细注释,并且对照以明白浅近的译文,帮助读者感受史学著作的艺术魅力,领略优秀中国传统文化的精髓。 | |
| 461 | 0 | @12001 @a国学典藏大系 |
| 605 | @a《汉书》@Ahan shu@x译文 | |
| 605 | @a《后汉书》@Ahou han shu@x译文 | |
| 606 | 0 | @a西汉时代@9xi han shi dai@x历史@j纪传体 |
| 606 | 0 | @a东汉时代@9dong han shi dai@x历史@j纪传体 |
| 690 | @aK234.104.2@v5 | |
| 690 | @aK234.204.2@v5 | |
| 701 | 0 | @c(汉)@a班固@9ban gu@f(32~92)@4著 |
| 701 | 0 | @c(南朝宋)@a范晔@9fan ye@f(398~445)@4著 |
| 702 | 0 | @a马健@9ma jian@4编 |
| 801 | 0 | @aCN@bTANGWEI@c20170308 |
| 905 | @b0961829-31@dK234.104.2@e53@f3 | |
| 汉书·后汉书/(汉)班固,(南朝宋)范晔著/马健编.-北京:中国华侨出版社,2016 |
| 354页;29cm.-(国学典藏大系) |
| ISBN 978-7-5113-6174-5:CNY59.80 |
| 本书整理选编了《汉书》和《后汉书》中最具有代表性的篇章,对其原文做了详细注释,并且对照以明白浅近的译文,帮助读者感受史学著作的艺术魅力,领略优秀中国传统文化的精髓。 |
| ● |
| 相关链接 |
|
|
|
|
正题名:汉书·后汉书
索取号:K234.104.2/53
 
预约/预借
| 序号 | 登录号 | 条形码 | 馆藏地/架位号 | 状态 | 备注 |
| 1 | 0961829 | 209618298 | 第二样本阅览室/ [索取号:K234.104.2/53] | 在馆 | |
| 2 | 0961830 | 209618305 | 第二借阅区/ [索取号:K234.104.2/53] | 在馆 | |
| 3 | 0961831 | 209618314 | 第二借阅区/ [索取号:K234.104.2/53] | 在馆 |